000 00210nam a2200097Ia 4500
008 190216s9999||||xx |||||||||||||| ||und||
100 _aNull
245 0 _aHindi-Do Adhyan
260 _bSahithyasadan
942 _cBK
999 _c17325
_d17325